| 000 | 00618nam a2200217 a 4500 | ||
|---|---|---|---|
| 005 | 20220825160454.0 | ||
| 008 | 130918s2011 es r 000 0 spa d | ||
| 020 | _a9788492819638 | ||
| 035 | _aUPN01000193002 | ||
| 049 | _aCG | ||
| 050 | 4 |
_aPQ6654 O4.3 _bA7.2 |
|
| 100 | 1 |
_aDomene, Francisco, _d1960- _934266 |
|
| 245 | 1 | 0 |
_aArañas en la barriga / _cFrancisco Domene. |
| 260 |
_aBarcelona, Esp. : _bViceversa, _c2011. |
||
| 300 | _a207 p. | ||
| 440 | 0 | _aAs de picas | |
| 650 | 0 |
_aLiteratura juvenil española _912359 |
|
| 650 | 7 |
_aNovela española _ySiglo XXI _2 _912862 |
|
| 905 | _aLibro | ||
| 999 |
_c165103 _d165103 |
||